00509nam a22001337a 4500003000500000082000800005100002800013245012500041264003700166300003100203650005000234700003400284856005700318NUST a670 a Bhutta ,Shozib Mahmood aDevelopment of Test Rig for Position Control of Shape Memory Alloy Springs using PID Algorithm. /cShozib Mahmood Bhutta aIslamabad: bSMME- NUST. c2021. a49p. ;bSoft Copy, c30cm. aMS Design and Manufacturing Engineering  aSupervisor : Dr. Mushtaq Khan uhttp://10.250.8.41:8080/xmlui/handle/123456789/24963